000 00585cam a2200217ua 4500
001 10244
005 20260515114609.0
008 171107n ii |||gr||||Z||||||eng
020 _a9788121905329
040 _cMAIN
041 _aeng
082 _a954
100 _aGrover, B.L.,
_eAuthor.
245 _aA new look at modern Indian history :
_bfrom 1707 to the modern times /
_cBy B.L. Grover and Alka Mehta .
250 _a31st ed.
260 _aNew Delhi:
_bS Chand,
_c2015.
300 _a582p.
653 _aSouth Asia India
700 _aMehta, Alka,
_eAuthor.
942 _cBK
999 _c9231
_d9231